| 000 | 00698nam a2200193 a 4500 | ||
|---|---|---|---|
| 005 | 20210223120431.0 | ||
| 008 | 991125s1965 mx 000 0 spa u | ||
| 035 | _aUPN01000001133 | ||
| 049 | _aF | ||
| 050 | 4 |
_aND259 R8 _bA3.3 |
|
| 100 | 1 |
_aAcevedo Escobedo, Antonio, _d1909-1985 _928057 |
|
| 245 | 1 | 3 |
_aEl afán y la obra de Antonio M. Ruiz / _cAntonio Acevedo Escobedo. |
| 260 |
_aMéxico : _bSeminario de Cultura Mexicana, _c1965. |
||
| 300 | _a29 p., [4] p. de láms. | ||
| 501 | _aCon: Agraz y madurez en las letras / Francisco Díaz de León | ||
| 600 | 1 | 4 |
_aRUIZ, ANTONIO M., _d1892?-1964 - _vDISCURSOS, ENSAYOS, CONFERENCIAS, ETC. |
| 740 | 0 | _aAgraz y madurez en las letras | |
| 905 | _aLibro | ||
| 999 |
_c1133 _d1133 |
||